| 000 | 00998na a2200313 4500 | ||
|---|---|---|---|
| 001 | 15867 | ||
| 003 | MIRAKIL | ||
| 005 | 20181213155311.0 | ||
| 008 | 160925b tu 000 0 | ||
| 020 | _a9786053990024 | ||
| 035 | _a15867 | ||
| 040 |
_aMilas _btur _cTR-AnCHP |
||
| 082 |
_a306 _bM27k 2007 |
||
| 090 | _a306 M27k 2007 | ||
| 100 |
_aMattelart, Armand _d1936- |
||
| 245 |
_aKültürel incelemelere giriş _cArmand Mattelart, Erik Neveu ; çeviren Hüsnü Dilli |
||
| 260 |
_aİstanbul _bİstanbul Bilgi Üniversitesi Yayınları _c2007 |
||
| 300 |
_a143 s. _c20 sm. |
||
| 490 |
_aSosyal Bilimlerde Kavramlar _v7 |
||
| 490 |
_aİstanbul Bilgi Üniversitesi yayınları _v182 |
||
| 504 | _aKaynakça ve dizin var. | ||
| 650 |
_aKültür _xEğitim ve Öğretim |
||
| 650 |
_aSosyoloji _yTarih _zİngiltere |
||
| 650 |
_aSosyoloji _xKültürlerarası incelemeler |
||
| 650 |
_aKültür _xSosyal yönler |
||
| 700 | _aDilli, Hüsnü | ||
| 700 | _aNeveu, Erik | ||
| 942 |
_2ddc _cBKS |
||
| 999 |
_c10199 _d10199 |
||